Autobiography of Charles Darwin: with two appendices by his son Francis Darwin (Record no. 432697)

000 -LEADER
fixed length control field 00506cam a22001457a 4500
008 - FIXED-LENGTH DATA ELEMENTS--GENERAL INFORMATION
fixed length control field 180718b1929 xxu||||| |||| 00| 0 eng d
082 ## - DEWEY DECIMAL CLASSIFICATION NUMBER
Classification number A99 D259
100 ## - MAIN ENTRY--PERSONAL NAME
Personal name Darwin, Charles
245 ## - TITLE STATEMENT
Title Autobiography of Charles Darwin: with two appendices by his son Francis Darwin
Statement of responsibility, etc. by Charles Darwin
260 ## - PUBLICATION, DISTRIBUTION, ETC.
Place of publication, distribution, etc. London
Name of publisher, distributor, etc. Watts
Date of publication, distribution, etc. 1929
300 ## - PHYSICAL DESCRIPTION
Extent 154p.
650 ## - SUBJECT ADDED ENTRY--TOPICAL TERM
Topical term or geographic name entry element Naturalists --Great Britain --Biography
650 ## - SUBJECT ADDED ENTRY--TOPICAL TERM
Topical term or geographic name entry element Darwin, Charles, 1809-1882. On the origin of species
650 ## - SUBJECT ADDED ENTRY--TOPICAL TERM
Topical term or geographic name entry element Darwin, Charles, 1809-1882
Holdings
Withdrawn status Lost status Damaged status Not for loan Permanent Location Current Location Date acquired Full call number Barcode Date last seen Price effective from Koha item type
        Indian Institute of Public Administration Indian Institute of Public Administration 2010-02-03 A99 D259 A1207 2018-07-21 2018-07-21 A

Powered by Koha